000 00961nam a22003017a 4500
003 CHAP
005 20220329134516.0
008 971013s1995 r 00010 d
010 _a21360
011 _a22332
035 _a26426
040 _cCHAP
090 _aTesis
100 0 0 _aPaz Ulloa, Jobita de.
_986368
245 _aTrasplante y poda en calabaza (Cucurbita pepo L.) var. criolla
260 _aChapingo, Méx. :
_bEl autor,
_c1995
300 _a59 h.
_b: ilus. ; gráfs.
502 _aTesis (Ing. Agr. Esp. en Fitotecnia) -- UACH. Departamento de Fitotecnia
590 _aALEPH
_b10
_c20130110
_lUCH01
_h1245
590 _aBATCH-UPD
_b10
_c20130110
_lUCH01
_h0117
590 _aCONVERSION
_b10
_c20130109
_lUCH01
_h1313
650 1 4 _aCalabaza
_xPoda.
_917291
650 1 4 _aCalabaza
_xTrasplante.
_917300
901 _aBK
942 _cFOLL
949 _bBC
_cTES
_d-60924
_eTS1
_h27097
_i26426
_si
949 _bBC
_cTES
_d-60925
_eTS2
_fc.2
_h27098
_i26426
_si
999 _c21360
_d21360